Lenguaje y Comunicación 4º básico: texto del estudiante

Salvato in:
Dettagli Bibliografici
Autore principale: Castillo Avalos, Elisa Gladys (Autore)
Natura: Libro
Lingua:spagnolo
Pubblicazione: Santiago Santillana del Pacífico 2016
Edizione:5a. ed
Soggetti:
Tags: Aggiungi Tag
Nessun Tag, puoi essere il primo ad aggiungerne!!

MARC

LEADER 00000cam a2200000 a 4500
001 UCD9857
003 CL-VaPUC
008 170709e20161200cl |||||||||||||||||spa|d
020 |a 9789561520387 
082 0 4 |a 372.6  |b CAS  |2 21 
100 0 |a Castillo Avalos, Elisa Gladys  |e author  |9 593615 
245 1 0 |a Lenguaje y Comunicación 4º básico: texto del estudiante 
250 |a 5a. ed 
300 |a 191 p 
942 |c BK 
945 |d 20170709 17:01:00  |a arojas 
260 |a Santiago  |b Santillana del Pacífico  |c 2016 
650 0 |a Educación lingüística  |9 306506 
650 0 |a Educación básica   |9 224933 
650 0 |a Libros de texto  |9 270019 
650 0 |a Métodos de enseñanza  |9 270413 
650 0 |a Enseñanza de la lectura  |9 308364 
650 0 |a Enseñanza de la escritura  |9 307377 
583 |a last modification  |c 20170709 17:01:00  |k Rodrigo Vera 
999 |c 368869  |d 368867 
952 |0 0  |1 0  |3 erb  |4 0  |6 372_600000000000000_CAS_2016  |7 0  |8 A  |9 484322  |a BIBEDU  |b BIBEDU  |i 5404444  |o 372.6 CAS 2016  |p 5404444  |r 2019-11-24  |w 2019-11-24  |y BK  |z Catalogado en:20170709  |k EPE